000 00652nam a2200193Ia 4500
008 191130s2007##################000#0#eng##
020 _a9780335215294
040 _aACL
_cACL
082 _a301.072 LET
100 _aBywaters, Paul
245 _aExtending social research: application, implementation and publication
_cPaul Bywaters, Gayle Letherby
260 _aMaidenhead, Berkshire
_bOpen University Press
_c2007
300 _axv, 175 p. : ill. ; 24 cm
500 _aIncludes bibliographical references and index
650 _aSocial sciences -- Research
990 _abede1facac10000c52d88931973e862d
991 _a231572
999 _c180461
_d180461